01143cam a2200337 4500001001400000005001700014008004100031020003100072040002300103041001300126044001100139072006500150080002300215080002300238100003500261240002100296245011000317250001500427264002900442300002300471336002600494337002900520338002900549490003200578500004600610655003000656655003000686655002900716655003300745700002700778vtls01223972720251118091834.0230920s2023 xo g 010 f slo  a9788022213929q(viazané) aSNKbslocSNKerda1 aslohger axocSK 7a821.112.2-3xNemecká próza, nemecky písaná2konspekt a821.112.2-3122011 a(0:82-312.4)220111 aFitzek, Sebastian,d1971-4aut10aMimiklSlovensky10aMimikabpsychotrilercSebastian Fitzek ; z nemeckého originálu Mimik ... preložila Erika Ridziová aVydanie I. 1aBratislavabTatranc2023 a292 stránc22 cm atextbtxt2rdacontent abez médiabn2rdamedia azväzokbnc2rdacarrier1 aMimo zákonav44. zväzok aObsahuje biografické údaje o autorovi 7anemecké romány2SNKPH 7atrilery (romány)2SNKPH 7aGerman fiction2SNKPHeng 7aThrillers (novels)2SNKPHeng1 aRidziová, Erika4trl